Statistics for American horror Story - ALL seasons

Click here to take the quiz!

General Stats

  • This quiz has been taken 425 times
  • The average score is 11 of 15

Answer Stats

HintAnswer% Correct
first seasonmurder house
99%
third seasoncoven
98%
seconds seasonasylum
97%
fourth seasonfreak show
96%
fifth seasonhotel
96%
seventh seasoncult
94%
sixth seasonRoanoke
92%
how many seasons was lady gaga in2
88%
who killed violet in season 1herself
62%
Whos the main lead in the new season; Cult (BOY)Kai
54%
who killed a baby and chopped its ears off in season 2pepper
49%
How many seasons did twisty apear intwo
49%
who was the mother in season 1vivian
44%
whos the main lead in the new season; Cult (GIRL)Ally
40%
who was peppers husbandsalty
39%

Score Distribution

Percentile by Number Answered

Percent of People with Each Score

Your Score History

You have not taken this quiz